| 000 | 02055nam a2200325 4500 | ||
|---|---|---|---|
| 001 | 178 | ||
| 003 | OSt | ||
| 005 | 20250528074014.0 | ||
| 008 | 250130b |||||||e |||| 00| 1 eng d | ||
| 040 | _bpor | ||
| 041 |
_hspa _apor |
||
| 082 |
_aar860 _bC827j |
||
| 100 | 1 |
_aCortazar, Julio, _d1914-1984. _9333 |
|
| 240 | _aRayuela | ||
| 245 |
_aO jogo da Amarelinha _bVolume II / _cCortázar, Julio ; Tradução de Fernando de Castro Ferro |
||
| 260 |
_aSão Paulo _bAbril _c1985 |
||
| 300 | _a291 p. | ||
| 490 | 1 | _aGrandes Romancistas | |
| 520 | _aO Jogo da Amarelinha (no original, Rayuela) é um romance escrito por Julio Cortázar em 1963, considerado a obra máxima do autor que, ao lado de Jorge Luis Borges, é o principal representante da literatura argentina, ambos marcados pelas obras extremamente criativas e originais. O assunto principal do livro não são os personagens, por sinal muito bem trabalhados, com capítulos sobre seus cacoetes, suas manias e suas vidas. O assunto principal é o próprio livro. Nas palavras do próprio autor, "esse livro é muitos livros, mas é, sobretudo, dois livros". O leitor pode começar do capítulo 1 e ir até o 56, tendo assim uma bem construída história sobre um triângulo amoroso. Ou pode optar por começar no capítulo 73, e começar a seguir a ordem indicada por Cortázar. Escolhendo a segunda opção, o leitor verá os acontecimentos de Maga, Oliveira, o Clube da Serpente e o narrador, e depois pode ler citações de grandes autores, textos debatendo a literatura atual, artigos sobre os personagens, desvarios, recortes de um texto maior. Tudo misturado, pulando capítulos para depois voltar aos mesmos, como se fosse um jogo da amarelinha. | ||
| 650 | 0 |
_aLiteratura argentina _990 |
|
| 650 | 0 |
_aAmor e Paixão _925 |
|
| 650 | 0 |
_aGrandes Amizades _928 |
|
| 650 | 0 |
_aDrama _918 |
|
| 650 | 0 |
_aClássicos _977 |
|
| 655 | 0 |
_aRomance _923 |
|
| 655 | 0 |
_aFicção _922 |
|
| 700 |
_aFernando de Castro Ferro _eTradutor _9334 |
||
| 830 |
_aGrandes Romancistas _9126 |
||
| 942 |
_2ddc _n0 _cBK |
||
| 999 |
_c178 _d178 |
||